000 01152nam a2200229Ia 4500
001 10207
003 GE_BSU
008 181216s||||||||xx |||||||||||||| ||und||
040 _cGE_BSU
080 _a821.353.1+821.353.1-311.6+821.353.1-32
100 _aსანიკიძე,ლევან
245 _aთხზულებათა მრავალტომეული. ტ.1. სამას–სამასი.ამბავი კოლხი ასულისა, მკვლელობა ხობისწყლის პირას
245 _cრედ.რევაზ დანელია,ავთანდილ მეგრელიშვილი
260 _aთბილისი
260 _bკიდევაც დაიზრდებიან
260 _c1991
300 _a430გვ.20სმ.
541 _h8ლ.
653 _aთხზულებათა მრავალტომეული
653 _aსამას–სამასი.ამბავი კოლხი ასულისა, მკვლელობა ხობისწყლის პირას
942 _cBK
999 _c43476
_d43476